000 00431nam a2200181Ia 4500
001 15384
005 20260306170152.0
008 260306t2003||||xx |||||||||||||| ||und||
041 _aESP
082 _a537
_bS13
100 _aSadiku, Matthew N. O.
_eAUT
245 0 _aElementos de electromagnetismo
260 _c2003
300 _axv. 767 páginas :
_c23 cm.
650 _aGEN
654 _aCIC
942 _cLIB
_dJUS
_fJUS
_2ddc
_n
999 _c15384
_d15384